LEADER 01690nam a2200301 u 4500 001 000000047743 003 CaOOAMICUS 005 20070226114923.0 008 000127s1969 it u000 u ita u 035 $a10839752 040 $aMSA$bita 100 1 $aVannicelli, Primo Luigi.$0(OLS)http://pul/name/20470 245 10$aNormativa sui monaci e sui monasteri nel diritto ecclesiastico romano :$bprofili storico-giuridici /$cLuigi Vannicelli. 260 $aBologna :$bN. Zanichelli,$c1969. 300 $a354 p. ;$c24 cm 490 1 $aPubblicazioni della facoltà di giurisprudenza della Università di Modena.$aN. S. ;$v57-58 490 1 $aPubblicazioni della facoltà di giurisprudenza della Università di Modena ;$v122-123 650 4$aMonachismo e ordini religiosi (diritto canonico).$0(OLS)http://pul/subject/12825 830 0$aPubblicazioni della facoltà di giurisprudenza della Università di Modena ;$v122-123.$0(OLS)http://pul/title/64253 830 0$aPubblicazioni della facoltà di giurisprudenza della Università di Modena.$pN. S. ;$v57-58.$0(OLS)http://pul/title/56142 850 $aPUL 852 $aPUL$W1$xDP1 Fondo Ciprotti$y59$m1544 B 23$j63752$nBK-PRI$b $qFondi$B63752$CPULBib$Z2$F63752 $H $81 852 $aPUL$W1$xSL Diritto Canonico 3$y77$m262. 9 VANLU 1$j119782$qDDC 21$B119459$CPULBib$Z2$F119459 $H104720 $82 941 1 $a9 941 1 $a1 961 $aINV: F. Ciprotti 996 $6245$aNormativa sui monaci e sui monasteri nel diritto ecclesiastico romano :$bprofili storico-giuridici$9(OLS)http://pul/title/64275 996 $6260$aBologna :$bN. Zanichelli$9(OLS)http://pul/publisher/47939 LEADER 01297nam a2200265 u 4500 001 000000005930 003 CaOOAMICUS 005 20070226104822.0 008 940514s1988 it u000 u ita u 035 $a10151751 040 $aPUL(R)$bita 100 1 $aIannone, Filippo.$0(OLS)http://pul/name/6073 245 13$aIl capitolo generale :$borigine e sviluppo storico. Legislazione del C.J.C. del 1983 /$cFilippo Iannone. 260 $aRoma :$bPontificia Università Lateranense,$c1988. 300 $a211 p. ;$c22 cm 490 1 $aPontificia Universitas lateranensis. Theses ad lauream in Utroque Iure. 502 $aDiss. -- Pontificia Universitas Lateranensis. 504 $aBibliografia: p. [13]-18. 650 4$aDiritto canonico.$0(OLS)http://pul/subject/1294 830 0$aTheses ad lauream in utroque iure (Pontificia Università Lateranense).$0(OLS)http://pul/title/448 850 $aPUL 852 $aPUL$W1$xDP1 Tesi Pon Univ. Lateranense$y41$mTH PUL.IUS 418$j8424$nBK-PRI$b $qTesi$B8424$CPULBib$Z2$F8424 $HPUL76237 $81 941 1 $a16 996 $6245$aIl capitolo generale :$borigine e sviluppo storico. Legislazione del C.J.C. del 1983$9(OLS)http://pul/title/8697 996 $6260$aRoma :$bPontificia Università Lateranense$9(OLS)http://pul/publisher/47963